Nazionale italiana di calcio Mondiali 1998 - Statistics

Statistiche generali
  • Questo quiz è stato fatto 426 volte
  • Il punteggio medio è 13 su 23
Statistiche sulle risposte
Giocatore Ruolo % Corretto
10 Del Piero Attaccante
89%
22 Buffon Portiere
86%
21 Vieri Attaccante
80%
6 Nesta Difensore
77%
1 Toldo Portiere
76%
4 Cannavaro Difensore
75%
12 Pagliuca Portiere
74%
19 Inzaghi Attaccante
71%
14 Di Biagio Centrocampista
68%
18 Baggio R. Attaccante
58%
3 Maldini P. Difensore
57%
11 Baggio D. Centrocampista
55%
5 Costacurta Difensore
55%
15 Di Livio Centrocampista
55%
- Maldini C. Commissario Tecnico
55%
2 Bergomi Difensore
50%
9 Albertini Centrocampista
49%
7 Pessotto Difensore
41%
20 Chiesa Attaccante
30%
8 Torricelli Centrocampista
22%
17 Moriero Centrocampista
20%
13 Cois Centrocampista
17%
16 Di Matteo Centrocampista
16%
Nessun quiz corrispondente trovato
Distribuzione punteggi
Percentuale di utenti per punteggio
Percentile per numero di risposta
I tuoi punteggi nel tempo
Non hai fatto questo quiz